Southville International School and Colleges
Your cart is empty.
  • Cart
  • Lists
    Public lists Eva Luna New books Lux_list list_1
    Your lists Log in to create your own lists
  • Log in to your account
  • Your cookies
  • Search history
Southville International School and Colleges
  • Advanced search
  • Recent comments
  • Most popular
  • Libraries

Log in to your account

Log in with GOOGLE


If you do not have an external account, but do have a local account, you can still log in:

  1. Home
  2. MARC view: Harry potter and the goblet of fire
Normal view MARC view ISBD view

Harry potter and the goblet of fire (Record no. 11367)

[ view plain ]
MARC details
000 -LEADER
fixed length control field 02141cam a2200481 a 4500
001 - CONTROL NUMBER
control field 12103280
003 - CONTROL NUMBER IDENTIFIER
control field PILC
005 - DATE AND TIME OF LATEST TRANSACTION
control field 20160114112050.0
008 - FIXED-LENGTH DATA ELEMENTS--GENERAL INFORMATION
fixed length control field 000711s2000 nyua c 000 1 eng
010 ## - LIBRARY OF CONGRESS CONTROL NUMBER
LC control number 00131084
020 ## - INTERNATIONAL STANDARD BOOK NUMBER
International Standard Book Number 0439139597
040 ## - CATALOGING SOURCE
Original cataloging agency DLC
Transcribing agency DLC
Modifying agency WaU
-- DLC
042 ## - AUTHENTICATION CODE
Authentication code lcac
050 00 - LIBRARY OF CONGRESS CALL NUMBER
Classification number PZ 7
Item number .R797g 2000
082 00 - DEWEY DECIMAL CLASSIFICATION NUMBER
Classification number FIC
Item number R79hg 2000
100 1# - MAIN ENTRY--PERSONAL NAME
Personal name Rowling, J. K.
9 (RLIN) 17401
245 10 - TITLE STATEMENT
Title Harry potter and the goblet of fire
Statement of responsibility, etc J.K. Rowling
260 ## - PUBLICATION, DISTRIBUTION, ETC. (IMPRINT)
Place of publication, distribution, etc London :
Name of publisher, distributor, etc Bloomsbury,
Date of publication, distribution, etc c2000.
300 ## - PHYSICAL DESCRIPTION
Extent 363 p. :
Other physical details ill. ;
Dimensions 20 cm.
500 ## - GENERAL NOTE
General note "Year 4"--Spine.
500 ## - GENERAL NOTE
General note Sequel to: Harry Potter and the prisoner of Azkaban.
500 ## - GENERAL NOTE
General note Sequel: Harry Potter and the Order of the Phoenix.
500 ## - GENERAL NOTE
General note LC copy 1 in dust jacket. On verso of t.p.: Printed in the U.S.A. 13.
Institution to which field applies DLC
520 ## - SUMMARY, ETC.
Summary, etc Fourteen-year-old Harry Potter joins the Weasleys at the Quidditch World Cup, then enters his fourth year at Hogwarts Academy where he is mysteriously entered in an unusual contest that challenges his wizarding skills, friendships and character, amid signs that an old enemy is growing stronger.
562 ## - COPY AND VERSION IDENTIFICATION NOTE
Number of copies 1
650 #0 - SUBJECT ADDED ENTRY--TOPICAL TERM
Topical term or geographic name as entry element Potter, Harry (Fictitious character)
Form subdivision Juvenile fiction.
9 (RLIN) 19977
650 #0 - SUBJECT ADDED ENTRY--TOPICAL TERM
Topical term or geographic name as entry element Granger, Hermione (Fictitious character)
Form subdivision Juvenile fiction.
9 (RLIN) 19978
650 #0 - SUBJECT ADDED ENTRY--TOPICAL TERM
Topical term or geographic name as entry element Weasley, Ron (Fictitious character)
Form subdivision Juvenile fiction.
9 (RLIN) 19979
650 #0 - SUBJECT ADDED ENTRY--TOPICAL TERM
Topical term or geographic name as entry element Hogwarts School of Witchcraft and Wizardry (Imaginary organization)
Form subdivision Juvenile fiction.
9 (RLIN) 19980
650 #0 - SUBJECT ADDED ENTRY--TOPICAL TERM
Topical term or geographic name as entry element Wizards
Form subdivision Juvenile fiction.
9 (RLIN) 19981
650 #0 - SUBJECT ADDED ENTRY--TOPICAL TERM
Topical term or geographic name as entry element Magic
Form subdivision Juvenile fiction.
9 (RLIN) 19982
650 #0 - SUBJECT ADDED ENTRY--TOPICAL TERM
Topical term or geographic name as entry element Schools
Form subdivision Juvenile fiction.
9 (RLIN) 19983
650 #1 - SUBJECT ADDED ENTRY--TOPICAL TERM
Topical term or geographic name as entry element Wizards
Form subdivision Fiction.
9 (RLIN) 19984
650 #1 - SUBJECT ADDED ENTRY--TOPICAL TERM
Topical term or geographic name as entry element Magic
Form subdivision Fiction.
9 (RLIN) 19985
650 #1 - SUBJECT ADDED ENTRY--TOPICAL TERM
Topical term or geographic name as entry element Schools
Form subdivision Fiction.
9 (RLIN) 19986
651 #0 - SUBJECT ADDED ENTRY--GEOGRAPHIC NAME
Geographic name England
Form subdivision Juvenile fiction.
9 (RLIN) 19987
651 #1 - SUBJECT ADDED ENTRY--GEOGRAPHIC NAME
Geographic name England
Form subdivision Fiction.
9 (RLIN) 19988
700 1# - ADDED ENTRY--PERSONAL NAME
Personal name GrandPré, Mary,
Relator term ill.
9 (RLIN) 19989
906 ## - LOCAL DATA ELEMENT F, LDF (RLIN)
a 7
b cbc
c orignew
d 1
e opcn
f 20
g y-gencatlg
942 ## - ADDED ENTRY ELEMENTS (KOHA)
Source of classification or shelving scheme Library of Congress Classification
Koha item type Books
Holdings
Withdrawn status Lost status Source of classification or shelving scheme Damaged status Home library Current library Shelving location Date acquired Total Checkouts Full call number Barcode Date last seen Date checked out Copy number Price effective from Koha item type Total Renewals
    Library of Congress Classification   Luxembourg Library Luxembourg Library Fiction Section 09/14/2013 2 PZ 7 .R797g 2000 14490 08/24/2017 08/02/2017 1 09/14/2013 Books  
    Library of Congress Classification   Luxembourg Library Luxembourg Library Fiction Section 09/14/2013 7 PZ 7 .R797g 2000 17815 01/09/2019 11/17/2018 1 09/14/2013 Books 25

Harry potter and the goblet of fire

APA

Rowling J. K., GrandPré M., . (2000). Harry potter and the goblet of fire. London: Bloomsbury.

Chicago

Rowling J K, GrandPré Mary, . 2000. Harry potter and the goblet of fire. London: Bloomsbury.

Harvard

Rowling J. K., GrandPré M., . (2000). Harry potter and the goblet of fire. London: Bloomsbury.

MLA

Rowling J K, GrandPré Mary, . Harry potter and the goblet of fire. London: Bloomsbury. 2000.

  • Place hold
  • Print
  • Cite
  • Add to your cart (remove)
  • Save record
    BIBTEX Dublin Core MARCXML MARC (non-Unicode/MARC-8) MARC (Unicode/UTF-8) MARC (Unicode/UTF-8, Standard) MODS (XML) RIS
  • More searches
    Search for this title in:
    Other Libraries (WorldCat) Other Databases (Google Scholar) Online Stores (Bookfinder.com) Open Library (openlibrary.org)

Exporting to Dublin Core...

SOUTHVILLE LIBRARY

Southville International School and Colleges Library

1281 Tropical Ave. Cor. Luxembourg St., BF Homes International, Las Pinas City

Tel. No. 8256374 / 252358 Loc. 117/146

Powered by Koha